Obesity Management/ (Record no. 199803)

MARC details
000 -LEADER
fixed length control field 00689nam a22001937a 4500
005 - DATE AND TIME OF LATEST TRANSACTION
control field 20231226120628.0
010 ## - LCCN (DPL NO)
LC control number ENG-138768
020 ## - INTERNATIONAL STANDARD BOOK NUMBER
International Standard Book Number 9789388457552
Terms of availability 595.00
035 ## - SYSTEM CONTROL NUMBER
System control number EN-122300
037 ## - SOURCE OF ACQUISITION
Source of stock number/acquisition DBAD/PUB
082 ## - DEWEY DECIMAL CLASSIFICATION NUMBER
Classification number 616.3
100 ## - MAIN ENTRY--PERSONAL NAME
Personal name Chakravortty S.K.
245 ## - TITLE STATEMENT
Title Obesity Management/
Statement of responsibility, etc BY S.K. Chakravortty
260 ## - PUBLICATION, DISTRIBUTION, ETC. (IMPRINT)
Date of publication, distribution, etc 2020,2021,2022
Name of publisher, distributor, etc Friends Publications(India)
270 ## - ADDRESS
Address 101,4787/23,Ansari Road, Daryaganj,
City NEW DELHI
Postal code 110002
Telephone number 9811197091
-- 011-23246222
-- 9312220441
Electronic mail address friendspublicationsindia@gmail.com
300 ## - PHYSICAL DESCRIPTION
Dimensions 23cm(hbk)
Extent 162p.
500 ## - GENERAL NOTE
General note Includes bibliographical references and index
942 ## - ADDED ENTRY ELEMENTS (KOHA)
Item type English Books
Source of classification or shelving scheme Dewey Decimal Classification
Call number suffix CHA
Classification part 616.3
Edition FIRST
Holdings
Withdrawn status Lost status Not for loan Collection code Home library Current library Date acquired Source of acquisition Cost, normal purchase price Full call number Barcode Copy number Cost, replacement price Koha item type
    Not For Loan Non-fiction D.B.Act.Division D.B.Act.Division 26/12/2023 DBAD/PUB 595.00 616.3 CHA EN-122300 1 595.00 English Books

© Delhi Public Library
Hit Counter
free hit counter